01508agaaa2200265 45000010005000000030009000050050017000140070009000310080040000400400023000800410013001031000047001161300013001632450174001762500022003502600145003723000034005175080077005515200411006285380016010395460013010556500059010687000059011277000056011868587IT-RoPAU20220918181238.0d cvaizq50131s9999||||xx ||| | || ||und|| aIT-RoPAUcIT-RoPAU aITALIANO aManfio SergiogCodice regista SPICS: 55764 aLEONARDO aLEONARDOcProdotto da: Romanelli A. Manfio -- Sceneggiatura: Manfio Sergio Manfio Francesco -- Diretto da: Manfio SergiopLEONARDO (Rif. Codice opera principale : H8587) aEdizione Standard a(ITALIA)bRAI FICTION - GRUPPO AMICI - RQ ENTERTAINME / Distribuzione: MULTIMEDIA SAN PAOLOg"2007 (1° ed.: 2009 ; Ed. Lingua Orig.: 2007)" aDVDbsonoro, col.c340 minuti a"Musica: Manfio Sergio; Sceneggiatura: Manfio Sergio Manfio Francesco; " aSECONDA META' DEL XV SECOLO. LEONARDO E' ANCORA UN BAMBINO COME GLI ALTRI,MA MOSTRA GIA' DI POSSEDERE DOTI PARTICOLARI: E' BRILLANTE, SIA NEI GIOCHIDI SQUADRA SIA NELL'IDEARE NUOVE INVENZIONI, COSTRUITE CON MATERIALI DI FORTUNA COME MOLLE O ELASTICI. MOLTO SPESSO LEONARDO DEVE PERO' COMTROBATTEREAI TRANELLI E ALL'INIMICIZIA DI GOTTARDO E DI SUA SORELLA LAURA, I FIGLI INVIDIOSI DEL SIGNOROTTO DI VINCI... aPAL, STEREO aITALIANO aANIMAZIONEeDVD-FILM [DVD]xCodice MATERIA SPICS: 9947 aManfio Sergio e(regista)gCodice regista SPICS: 55764 aManfio Sergioe(musica)gCodice Musica SPICS: 55764